El concepto de Filosofía / (Record no. 123855)

MARC details
000 -LEADER
campo de control de longitud fija 00522nam a2200157 4500
001 - NÚMERO DE CONTROL
campo de control 123855
003 - IDENTIFICADOR DE NÚMERO DE CONTROL
campo de control ES-MaACL
007 - CAMPO FIJO DE DESCRIPCIÓN FÍSICA--INFORMACIÓN GENERAL
campo de control de longitud fija t|
008 - DATOS DE LONGITUD FIJA--INFORMACIÓN GENERAL
campo de control de longitud fija 070214s1954 sp r ||||1| spa d
100 1# - ENTRADA PRINCIPAL--NOMBRE DE PERSONA
Nombre de persona Ramírez, Santiago María.
9 (RLIN) 95113
245 13 - MENCIÓN DEL TÍTULO
Título El concepto de Filosofía /
Mención de responsabilidad, etc. Santiago María Ramírez ; traducción y prólogo de Jesús García López.
260 ## - PUBLICACIÓN, DISTRIBUCIÓN, ETC.
Lugar de publicación, distribución, etc. Madrid :
Nombre del editor, distribuidor, etc. León,
Fecha de publicación, distribución, etc. 1954.
300 ## - DESCRIPCIÓN FÍSICA
Extensión 265 p. ;
Dimensiones 20 cm +
Material acompañante/anejo 10 gráf. pleg.
700 1# - ENTRADA AGREGADA--NOMBRE PERSONAL
Nombre de persona García López, Jesús.
9 (RLIN) 54842
852 ## - LOCALIZACIÓN
Ubicación ES-MaACL
Número de control de estantería C-8453
Sublocalización o colección R.36646
Holdings
Estatus retirado Estado de pérdida Estado de daño No para préstamo Biblioteca de origen Biblioteca actual Ubicación en estantería Fecha de adquisición Fuente de adquisición Total de préstamos Signatura topográfica completa Código de barras Visto por última vez Precio de reemplazo Tipo de ítem Koha
        Biblioteca del Ateneo de Madrid Biblioteca del Ateneo de Madrid Sala Palomar 17/01/2008     C-8453 1129040 23/02/2023 23/02/2023 Libro impreso